[Event "Nordic School-ch U20"]
[Site "Oslo"]
[Date "2003.10.10"]
[Round "1"]
[White "Suvanto, Jukka"]
[Black "Eriksson, Daniel"]
[Result "0-1"]
[WhiteElo "1384"]
[BlackElo "1779"]
[PlyCount "80"]
[EventDate "2003.10.??"]
[EventType "team"]
[EventRounds "5"]
[EventCountry "NOR"]
[SourceTitle "EXT 2005"]
[Source "ChessBase"]
[SourceDate "2004.11.15"]
[SourceVersion "1"]
[SourceVersionDate "2004.11.15"]
[SourceQuality "1"]

1. e4 c5 2. Nf3 a6 3. b3 Nc6 4. Bb2 d6 5. h3 Nf6 6. d3 e6 7. c3 Be7 8. Nbd2 Qc7 9. g3 d5 10. exd5 exd5 11. Qe2 0-0 12. 0-0-0 Bd6 13. Bg2 Bf5 14. Nh4 Bg6 15. Nxg6 fxg6 16. Nf3 Rae8 17. Qc2 Ne5 18. d4 Nxf3 19. dxc5 Bxc5 20. Bxf3 Ne4 21. Bxe4 dxe4 22. Rhf1 e3 23. Qe2 exf2 24. Qg4 Qe7 25. b4 Be3+ 26. Kc2 Qe4+ 27. Qxe4 Rxe4 28. a4 Ba7 29. Bc1 Bb8 30. g4 Bg3 31. Kd3 Re1 32. Kc2 Rfe8 33. Bd2 R8e2 34. Kd3 Rxf1 35. Rxf1 Re1 36. Bf4 Rxf1 37. Bxg3 Rd1+ 38. Ke4 f1Q 39. Bf4 Qd3+ 40. Ke5 Qd5# 0-1